All foreign players Real Betis - Statistics

General Stats
  • This quiz has been taken 31 times
  • The average score is 53 of 168
Answer Stats
Hint Answer % Correct
Rui Silva
92%
Germán Pezzella
88%
Andrés Guardado
80%
Claudio Bravo
80%
William Carvalho
80%
Denilson
76%
Nabil Fekir
76%
Yassin Fekir
76%
Achille Emaná
72%
Diego Lainez
72%
Takashi Inui
72%
Oliveira
64%
Rafael Van Der Vaart
64%
Ricardo Oliveira
64%
Zouhair Feddal
64%
Aïssa Mandi
60%
Antonio Sanabria
60%
Braian Rodríguez
60%
Edu
60%
Guillermo Sara
60%
Roman Zozulya
60%
Ryad Boudebouz
60%
Youssouf Sabaly
60%
Cristiano Piccini
56%
Dorlan Pabón
56%
Stephan Andersen
56%
Benjamín
52%
David Odonkor
52%
Finidi George
52%
Riza Durmisi
52%
Robert Jarni
52%
Willian José
52%
Alfred N'Diaye
48%
Giovani Lo Celso
48%
Guid Rodríguez
48%
Joel Campbell
48%
José Luis Rodriguez
48%
Paulão
48%
Roque Santa Cruz
48%
Sidnei
48%
Alin Toşca
44%
Emerson
44%
Juan Vargas
44%
Marcos Assunção
44%
Mark González
44%
Ricardo
44%
Amro Tarek
40%
Charly Musonda
40%
Damien Perquis
40%
Luiz Felipe
40%
Luiz Henrique
40%
Rafael Sóbis
40%
Wojciech Kowalczyk
40%
Heiko Westermann
36%
Iulian Filipescu
36%
Jefferson Montero
36%
Jordi Amat
36%
Lorenzo Reyes
36%
Michel Pavon
36%
Ryan Donk
36%
Salvador Agra
36%
Trifon Ivanov
36%
Abner Vinicius
32%
Albert Nađ
32%
Fabrice Pancrate
32%
Gabriel Calderón
32%
Gastón Casas
32%
Iriney
32%
Leandro Damião
32%
Martín Palermo
32%
Mehmet Aurélio
32%
Nosa Igiebor
32%
Petros
32%
Ricky Van Wolfswinkel
32%
Risto Vidaković
32%
Wilfrid Kaptoum
32%
Branko Ilič
28%
Celso Ayala
28%
Gerrie Mühren
28%
João Tomás
28%
Jóhannes Guðjónsson
28%
Jonas Martin
28%
Juan Caffa
28%
Marko Babić
28%
Markus Steinhöfer
28%
Nenad Bjelica
28%
Paolo Castellini
28%
Vincenzo Rennella
28%
Vlada Stošić
28%
Cedrick Mabwati
24%
Daniel Aquino
24%
Daniel Lembo
24%
Darko Brašanac
24%
Didier Digard
24%
Diego Tardelli
24%
Duško Tošić
24%
Faruk Hadžibegić
24%
Guillermo Molins
24%
Johann Vogel
24%
Jorge Wagner
24%
Mariano Pavone
24%
Nélson
24%
Nery Pumpido
24%
Paul Akouokou
24%
Sebastián Romero
24%
Carlos Diarte
20%
Diego Crosa
20%
Felipe Gutiérrez
20%
Gabriel Amato
20%
Juanjo Narváez
20%
Leo Baptistão
20%
Miguel Lopes
20%
Miroslav Karhan
20%
Robert
20%
Rovérsio
20%
Washington Tais
20%
Attila Ladinszky
16%
Fabão
16%
Foued Kadir
16%
Guilherme Fernandes
16%
Leandro Somoza
16%
Luciano Monzón
16%
Sunny
16%
Abde Ezzalzouli
12%
Alfredo Rojas
12%
Andrei
12%
Andrey Kobelev
12%
Brimah
12%
Calado
12%
Celso Mendieta
12%
Hugo Cabezas
12%
José Fantaguzzi
12%
José Perdomo
12%
Juan Mameli
12%
Lima
12%
Mario Killer
12%
Patricio Yañez
12%
Peter Barnes
12%
Rafael Jacques
12%
Roman Kukleta
12%
Ronny Gašperčič
12%
Tab Ramos
12%
Velli Kasumov
12%
Victor Ikpeba
12%
Ángel Berni
8%
Carlos Jurado
8%
Carlos Peruena
8%
Francisco Vital
8%
Helmut Senekowitsch
8%
Horacio Moyano
8%
Janos Kuszmann
8%
Johnny Ekström
8%
Jorge Olmedo
8%
Juan Comas
8%
Michal Bílek
8%
Moreira
8%
Pibe
8%
Raphael Meade
8%
Rodolfo Orife
8%
Torbjörn Jonsson
8%
Alois Grussmann
4%
Antonio Bernit
4%
Carlos Alhinho
4%
Eduardo Anzardo
4%
Liert
4%
Nery Castillo
4%
Ramón Blanco
4%
Yanko Daucík
4%
No matching quizzes found
Score Distribution
Percent of People with Each Score
Percentile by Number Answered
Your Score History
You have not taken this quiz